000
00336 a2200157 4500
001
194636
020
_a
978-85-08-17189-7
040
_c
Magnum
100
_a
Sabino, Fernando
240
1
0
_a
Cara ou coroa?
_l
por
245
1
0
_a
Cara ou coroa?
300
_a
120
362
0
_a
2017
697
_a
LITERATURA INFANTO-JUVENIL
942
_c
BK
999
_c
194636
_d
194636